[Event "Metz op"]
[Site "Metz"]
[Date "1997.??.??"]
[Round "7"]
[White "Rausis, Igors"]
[Black "Korneev, Oleg"]
[Result "1/2-1/2"]
[WhiteElo "2470"]
[BlackElo "2590"]

1.d4 d5 2.c4 e6 3.Nf3 Nf6 4.Nc3 c6 5.e3 Nbd7 6.Bd3 dxc4 7.Bxc4 b5 8.Be2 a6
9.e4 b4 10.e5 bxc3 11.exf6 Nxf6 12.bxc3 Bd6 13.Qa4 Bd7 14.Ne5 c5 15.Nxd7 Qxd7
16.Qxd7+ Kxd7 17.Bf3 Ra7 18.dxc5 Bxc5 19.Bf4 Ke7 20.Ke2 Bd6 21.Bd2 Nd7 22.Rhb1 Rc7
23.Rb3 Ne5 24.Rab1 Nxf3 25.Kxf3 Rc5 26.Rb6 Ra8 27.Rd1 Be5 28.Bg5+ f6 29.Rb7+ Kf8
30.Be3 Rxc3 31.Rdd7 f5 32.g3 Rac8 33.Rf7+ Kg8 34.Rfe7 R3c6 35.Bf4 Bf6 36.Red7 h6
37.h4 Rc3+ 38.Kg2 e5 39.Bg5 hxg5 40.hxg5 Rd8 41.gxf6 Rxd7 42.Rxd7 gxf6 43.Rd6 Kf7
44.Rxa6 Rc2 45.a4 e4 46.Kf1 Kg6 47.Rb6 Ra2 48.Rb4 Kg5 49.Rc4 Ra1+ 50.Kg2 Re1
51.Rc3 Ra1 52.Rc4 Kh5 53.Rc5 Kg6 54.Rc4 Ra2 55.Kf1 Kf7 56.Rc7+ Ke6 57.Rc6+ Ke5
58.Rc5+ Ke6 59.Rc6+ Ke7 60.Rc5 Rxa4 61.Rxf5  1/2-1/2

[Event "Minsk op"]
[Site "Minsk"]
[Date "1997.??.??"]
[Round "3"]
[White "Aleksandrov, Aleksej"]
[Black "Goloshchapov, Alexander"]
[Result "1-0"]
[WhiteElo "2615"]
[BlackElo "2455"]

1.d4 d5 2.c4 e6 3.Nc3 c6 4.e3 Nf6 5.Nf3 Nbd7 6.Bd3 dxc4 7.Bxc4 b5 8.Be2 Bb7
9.O-O b4 10.Na4 c5 11.dxc5 Bxc5 12.a3 Be7 13.axb4 Bxb4 14.Bd2 Qe7 15.Bxb4 Qxb4
16.Qd4 Qxd4 17.Nxd4 Ke7 18.Rfc1 Rhc8 19.Rxc8 Rxc8 20.Nc3 a6 21.Nb3 Rb8 22.Na5 Ba8
23.Na4 Ne4 24.Rc1 Nb6 25.Nxb6 Rxb6 26.Rc7+ Kf6 27.Nc4 Rc6 28.Ra7 Rc8 29.f4 Bd5
30.Ne5 Rc1+ 31.Bf1 Nd6 32.Rd7 Bc4 33.Nxc4 Nxc4 34.Rc7 Rxf1+ 35.Kxf1 Nxe3+
36.Kg1 Nd5 37.Rc6 Nxf4 38.Rxa6 Nd3 39.Rb6 Ke5 40.Rb7 f5 41.b4 g5 42.b5 Kd6
43.Rxh7 Kc5 44.Rh6 Nf4 45.Kf1 Kxb5 46.g3 Nd5 47.Rxe6 Kc4 48.Kf2 Kd4 49.h4 gxh4
50.gxh4 Nf4 51.Re8 Kd5 52.Kf3 Ne6 53.h5 Ng5+ 54.Kf4 Ne6+ 55.Kxf5  1-0

[Event "Minsk op"]
[Site "Minsk"]
[Date "1997.??.??"]
[Round "6"]
[White "Notkin, Maksim"]
[Black "Kruppa, Yuri"]
[Result "1/2-1/2"]
[WhiteElo "2515"]
[BlackElo "2520"]

1.d4 Nf6 2.c4 e6 3.Nf3 d5 4.Nc3 c6 5.e3 Nbd7 6.Bd3 dxc4 7.Bxc4 b5 8.Bd3 Bb7
9.O-O a6 10.e4 c5 11.d5 c4 12.Bc2 Qc7 13.dxe6 fxe6 14.Nd4 Nc5 15.Qe2 Qe5
16.Nf3 Qh5 17.Bf4 Be7 18.a3 O-O 19.Bg3 Rad8 20.Rad1 Qe8 21.Rxd8 Bxd8 22.Rd1 Be7
23.h3 Nh5 24.Be5 Nf4 25.Bxf4 Rxf4 26.Qe3 Rf8 27.Ne5 Qc8 28.Qe2 Rd8 29.Rxd8+ Qxd8
30.Qh5 Qf8 31.Ng4 Nd7 32.e5 g6 33.Bxg6 hxg6 34.Qxg6+ Kh8 35.Qh5+ Kg7 36.Qh6+ Kf7
37.Qh5+ Kg7 38.Qh6+  1/2-1/2

[Event "Mondariz op"]
[Site "Mondariz"]
[Date "1997.??.??"]
[Round "?"]
[White "Gomez Esteban, Juan Mario"]
[Black "Manso Gil, Angel"]
[Result "1-0"]
[WhiteElo "2490"]
[BlackElo "2260"]

1.d4 d5 2.c4 c6 3.Nc3 Nf6 4.Nf3 e6 5.e3 Nbd7 6.Qc2 Bd6 7.Bd3 O-O 8.O-O e5
9.cxd5 cxd5 10.e4 dxe4 11.Nxe4 Nxe4 12.Bxe4 h6 13.Be3 exd4 14.Bh7+ Kh8 15.Bxd4 Nf6
16.Bf5 Bxf5 17.Qxf5 Qc8 18.Nh4 Be7 19.Rac1 Qxf5 20.Nxf5 Bd8 21.Rfe1 Kh7 22.g3 Re8
23.Nd6 Rxe1+ 24.Rxe1 Ba5 25.Re7 Bb4 26.Bxf6 Bxd6 27.Rxf7 Kg6 28.Rd7 Kxf6
29.Rxd6+ Ke7 30.Rg6 Kf7 31.Rg4 Rd8 32.Ra4 a6 33.Rc4 Rd7 34.Kg2 Kf6 35.a4 Rd6
36.Rb4 b6 37.h4 h5 38.Kf3 Ke5 39.Ke3 g6 40.Re4+ Kf5 41.Rc4 Re6+ 42.Kd3 Rd6+
43.Rd4 Rc6 44.f3 Ke5 45.Rc4 Rd6+ 46.Ke3 a5 47.Re4+ Kf6 48.Rc4 Ke5 49.b3 Kf5
50.g4+ hxg4 51.fxg4+ Kf6 52.Ke4 Ke6 53.Rc7 Rd1 54.Rc6+ Kf7 55.Rxb6 Rh1 56.Ke5 Rxh4
57.Rb7+ Ke8 58.g5  1-0

[Event "Montcada op"]
[Site "Montcada"]
[Date "1997.??.??"]
[Round "3"]
[White "Gonzalez Velez, Fermin"]
[Black "Yepes Martinez, Eduard"]
[Result "1-0"]
[WhiteElo "2400"]
[BlackElo "2280"]

1.d4 d5 2.c4 c6 3.Nc3 Nf6 4.e3 e6 5.Nf3 Nbd7 6.Bd3 Bd6 7.e4 dxe4 8.Nxe4 Nxe4
9.Bxe4 h6 10.O-O O-O 11.Bc2 e5 12.Re1 exd4 13.Qd3 f5 14.Qxd4 Bc5 15.Qf4 Nf6
16.Be3 g5 17.Qe5 Bd6 18.Qc3 c5 19.Rad1 Qc7 20.Bc1 b6 21.b3 Bd7 22.Bb2 Rf7
23.Ne5 Bxe5 24.Rxe5 Re8 25.Rxe8+ Bxe8 26.Bxf5 Rf8 27.Qe3 Kg7 28.Rd5 Qf4 29.Qe7+ Kg8
30.Bh7+  1-0

[Event "Montcada op"]
[Site "Montcada"]
[Date "1997.??.??"]
[Round "6"]
[White "Yepes Martinez, Eduard"]
[Black "Bravo, Narciso"]
[Result "1-0"]
[WhiteElo "2280"]
[BlackElo "2230"]

1.d4 d5 2.c4 c6 3.Nc3 Nf6 4.e3 e6 5.Nf3 Nbd7 6.Qc2 Bd6 7.Be2 O-O 8.O-O Re8
9.Rd1 Qc7 10.e4 dxe4 11.Nxe4 Nxe4 12.Qxe4 b6 13.Be3 Bb7 14.c5 bxc5 15.dxc5 Bf8
16.Bd3 f5 17.Qc4 Ne5 18.Nxe5 Qxe5 19.Re1 Qf6 20.Bd4 Qf7 21.Rad1 Rad8 22.b4 Bc8
23.Be5 Rd5 24.Qc2 Red8 25.Bc4 Rxd1 26.Rxd1 Rxd1+ 27.Qxd1 Qd7 28.Qxd7 Bxd7
29.Ba6 Kf7 30.Bb7  1-0

[Event "Amber-rapid 6th"]
[Site "Monte Carlo"]
[Date "1997.??.??"]
[Round "5"]
[White "Topalov, Veselin"]
[Black "Ivanchuk, Vassily"]
[Result "0-1"]
[WhiteElo "2725"]
[BlackElo "2740"]

1.Nf3 d5 2.d4 Nf6 3.c4 c6 4.Nc3 e6 5.e3 Nbd7 6.Qc2 Bd6 7.Bd3 O-O 8.O-O h6
9.b3 b6 10.Bb2 Bb7 11.Rfd1 Qe7 12.cxd5 cxd5 13.Nb5 Rfc8 14.Qe2 Bb8 15.Ba3 Qd8
16.Rac1 Rxc1 17.Rxc1 Ne8 18.g3 a6 19.Nc3 Bd6 20.Bxd6 Nxd6 21.Ne5 Rc8 22.Nxd7 Qxd7
23.Bxa6 Ne4 24.Bxb7 Nxc3 25.Rxc3 Rxc3 26.Ba6 Qc7 27.Qb5 g6 28.a4 Rc2 29.Qd3 Rb2
30.Qd1 Qc3 31.Bb5 Kg7 32.Qf3 Qc7 33.e4 Qc1+ 34.Kg2 Rb1 35.Kh3 Qc2 36.Be8 f6
37.Qf4 Qc8 38.Bxg6 Kxg6 39.Qg4+ Kf7 40.exd5 Qd7 41.Qh5+ Ke7 42.Qg6 e5+ 43.Kg2 Qxd5+  0-1

[Event "Mitropa Cup 17th"]
[Site "Montecatini Terme"]
[Date "1997.??.??"]
[Round "1"]
[White "Prusikin, Mikhajlo"]
[Black "Pavasovic, Dusko"]
[Result "1-0"]
[WhiteElo "2450"]
[BlackElo "2495"]

1.d4 d5 2.c4 e6 3.Nc3 c6 4.e3 Nf6 5.Nf3 Nbd7 6.Qc2 Bd6 7.g4 Bb4 8.Bd2 Qe7
9.g5 Bxc3 10.Bxc3 Ne4 11.Bd3 Nxg5 12.Nxg5 Qxg5 13.O-O-O Qe7 14.Rhg1 g6 15.e4 Nf6
16.f3 O-O 17.Qd2 b6 18.Qh6 Kh8 19.h4 a5 20.cxd5 cxd5 21.Rde1 Bb7 22.h5 Nxh5
23.Rh1 f6 24.exd5 Qg7 25.Qxg7+ Kxg7 26.dxe6 Bxf3 27.Rh4 Rfe8 28.Bc4 Rad8
29.Rg1 Kh6 30.d5 Rxd5 31.Bxd5 Bxd5 32.Bxf6 Rxe6 33.Bd4 Bxa2 34.Kd2 Rd6 35.Kc3 Be6
36.Be3+ Kg7 37.Rxh5 Rc6+ 38.Kd2 Bb3 39.Bd4+ Kg8 40.Rb5  1-0

[Event "Mitropa Cup 17th"]
[Site "Montecatini Terme"]
[Date "1997.??.??"]
[Round "3"]
[White "Arlandi, Ennio"]
[Black "Pcola, Pavel"]
[Result "1-0"]
[WhiteElo "2470"]
[BlackElo "2445"]

1.d4 d5 2.c4 c6 3.Nc3 Nf6 4.e3 e6 5.Nf3 Nbd7 6.Qc2 Bd6 7.Bd3 dxc4 8.Bxc4 O-O
9.O-O Qe7 10.h3 e5 11.a3 Bb8 12.Ba2 h6 13.Nh4 Rd8 14.Nf5 Qe8 15.Ne2 Nf8 16.dxe5 Bxf5
17.Qxf5 Qxe5 18.Ng3 Qxf5 19.Nxf5 Rd7 20.Nd4 Be5 21.Nf3 Bc7 22.b4 Ne4 23.Bb2 Ne6
24.Rad1 Rad8 25.Rxd7 Rxd7 26.Bb1 Nd2 27.Nxd2 Rxd2 28.Bc3 Rd7 29.Bc2 Bd8 30.Rd1 Rxd1+
31.Bxd1 Nc7 32.Bb3 Nd5 33.Bb2 Bf6 34.Bc1 a6 35.f4 Kf8 36.Kf2 Ke7 37.Kf3 Nc7
38.Ke4 Ba1 39.g4 a5 40.bxa5 Bc3 41.a4 Bxa5 42.Ba3+ Ke8 43.h4 Ne6 44.h5 Bb6
45.Bc2 Bd8 46.Bb4 Bf6 47.Kd3 Kd7 48.Kc4 b6 49.Bd2 Ba1 50.Bf5 Kd6 51.Bb4+ c5
52.Be1 Nc7 53.Be4 Bb2 54.Bg3 f6 55.g5 fxg5 56.fxg5+ Be5 57.gxh6 gxh6 58.Bh4 Ke6
59.Bh7 Kd6 60.Bg8 Bg7 61.Bf7 Be5 62.Bd8 Kd7 63.Bh4 Kd6 64.Bf2 Ke7 65.Bg8 Kf8
66.Bh7 Kg7 67.Bd3 Kf7 68.Bh4 Ke6 69.Bg6 Kd6 70.Be1 Ke6 71.Bd2 Nd5 72.Bf7+ Kxf7
73.Kxd5 Bg7 74.e4 Ke7 75.Bf4 Kd7 76.e5 Ke7 77.e6 Ke8 78.Be3 Ke7 79.Bd2 Ke8
80.Bf4 Kd8 81.Bd6 Bf6 82.Bf8 Bg5 83.Bg7 Ke7 84.Bc3 Ke8 85.Kc6 Ke7 86.Kd5 Ke8
87.Be1 Kd8 88.Bg3 Bf6 89.Bf4 Bg7 90.Bg3 Bf6 91.Bb8 Bg7 92.Ba7 Kc7 93.Bxb6+  1-0

[Event "Mitropa Cup 17th"]
[Site "Montecatini Terme"]
[Date "1997.??.??"]
[Round "3"]
[White "Weiss, Christian"]
[Black "Pavasovic, Dusko"]
[Result "0-1"]
[WhiteElo "2325"]
[BlackElo "2495"]

1.c4 e6 2.d4 d5 3.Nc3 c6 4.e3 Nf6 5.Nf3 Nbd7 6.Bd3 dxc4 7.Bxc4 b5 8.Bd3 a6
9.O-O c5 10.Qe2 Bb7 11.Rd1 Qb6 12.Ng5 Be7 13.Nce4 h6 14.Nxf6+ Nxf6 15.Nf3 cxd4
16.exd4 O-O 17.Bf4 Bd5 18.Ne5 Qb7 19.f3 Bd8 20.Qe3 Nh5 21.Bxh6 f5 22.g4 fxg4
23.fxg4 gxh6 24.gxh5 Qg7+ 25.Bg6 Rf5 26.Rf1 Rg5+ 27.Kf2 Bb6 28.Nf3 Rf8 29.Ke1 Ba5+
30.Kd1 Rxf3 31.Rxf3 Bxf3+ 32.Qxf3 Qxd4+ 33.Bd3 Rg1+  0-1

[Event "Mitropa Cup 17th"]
[Site "Montecatini Terme"]
[Date "1997.??.??"]
[Round "5"]
[White "Marzolo, Cyril"]
[Black "Pavasovic, Dusko"]
[Result "1-0"]
[WhiteElo "2320"]
[BlackElo "2495"]

1.d4 d5 2.c4 e6 3.Nc3 c6 4.e3 Nf6 5.Nf3 Nbd7 6.Qc2 Bd6 7.g4 Nxg4 8.Rg1 f5
9.h3 Ngf6 10.Rxg7 Ne4 11.Bd2 Kf8 12.Rg2 Rg8 13.Rxg8+ Kxg8 14.Bd3 Kh8 15.Ke2 Qe8
16.Qd1 Qh5 17.Qh1 Ndf6 18.Rg1 dxc4 19.Bxc4 b5 20.Qg2 Bf8 21.Bd3 Nxd2 22.Kxd2 Bb7
23.Qg5 Qh6 24.Ne5 Qg7 25.Ne2 Bb4+ 26.Kc2 Qxg5 27.Nf7+ Kg7 28.Nxg5 Nd5 29.a3 Bf8
30.Nxe6+ Kf6 31.Nxf8 Rxf8 32.Nc3 Ne7 33.e4 Rd8 34.e5+ Ke6 35.Ne2 Ng6 36.Rg5 Rf8
37.f4 Bc8 38.Kd2 Bd7 39.Ke3 Rc8 40.Bxf5+  1-0

[Event "Mitropa Cup 17th"]
[Site "Montecatini Terme"]
[Date "1997.??.??"]
[Round "6"]
[White "Prusikin, Mikhajlo"]
[Black "Marzolo, Cyril"]
[Result "1/2-1/2"]
[WhiteElo "2450"]
[BlackElo "2320"]

1.d4 d5 2.c4 c6 3.e3 Nf6 4.Nc3 e6 5.Nf3 Nbd7 6.Qc2 Bd6 7.Bd3 O-O 8.O-O Qe7
9.c5 Bb8 10.e4 dxe4 11.Nxe4 h6 12.Re1 Nd5 13.a3 Rd8 14.Ned2 Qf6 15.Nc4 b5
16.Ncd2 a5 17.Ne4 Qe7 18.Bd2 Qf8 19.Rad1 N7f6 20.Bf1 Bc7 21.Ne5 Bb7 22.Qd3 Bxe5
23.dxe5 Nd7 24.Qg3 Nxc5 25.Nxc5 Qxc5 26.Bxh6 Qf8 27.Bg5 Ne7 28.Qh3 Rd5 29.Rxd5 cxd5
30.Bd3 Nf5 31.Bxf5 exf5 32.Qxf5 Bc8 33.Qd3 Be6 34.h4 b4 35.Re3 Qc8 36.Rg3 Qc4
37.Qd2 Rc8 38.Bh6 g6 39.Qg5 Kh7 40.h5 Qe4 41.Qf6 Rg8 42.Bd2 Qf5 43.hxg6+ Rxg6
44.Qh4+ Kg8 45.Bg5 Qe4 46.Bf4 Rxg3 47.Qxg3+ Kf8 48.axb4 Qb1+  1/2-1/2

[Event "Moravia-chT 9697"]
[Site "?"]
[Date "1997.??.??"]
[Round "?"]
[White "Michenka, Jozef"]
[Black "Knazovcik, Ladislav"]
[Result "1-0"]
[WhiteElo "2355"]
[BlackElo "2295"]

1.d4 d5 2.c4 c6 3.Nc3 Nf6 4.e3 e6 5.Nf3 Nbd7 6.Bd3 dxc4 7.Bxc4 b5 8.Bd3 a6
9.e4 c5 10.e5 cxd4 11.Nxb5 axb5 12.exf6 gxf6 13.Be4 Ra5 14.b3 Ra6 15.Qxd4 Rd6
16.Qe3 Nc5 17.O-O Nxe4 18.Qxe4 Rd5 19.a4 b4 20.Bf4 Bb7 21.a5 Ba6 22.Rfc1 Bc5
23.Be3 Bxe3 24.fxe3 Qe7 25.Rc6 Bb7 26.Rb6 Rxa5 27.Rd1 Rd5 28.Rxd5 Bxd5 29.Qg4 Qd8
30.Qxb4 Qc7 31.Rb8+  1-0

[Event "Kasparov Cup"]
[Site "Moscow"]
[Date "1997.??.??"]
[Round "?"]
[White "Riazantsev, Alexander"]
[Black "Sedlak, Nicola"]
[Result "1/2-1/2"]
[WhiteElo "2330"]
[BlackElo "2080"]

1.d4 d5 2.c4 c6 3.Nf3 Nf6 4.Nc3 e6 5.e3 Nbd7 6.Bd3 dxc4 7.Bxc4 b5 8.Bd3 Bb7
9.O-O b4 10.Na4 c5 11.dxc5 Bxc5 12.Qe2 O-O 13.e4 Be7 14.Rd1 Qa5 15.b3 Rfd8
16.Bf4 Qh5 17.Rac1 Qg4 18.Bc7 Rdc8 19.h3 Qh5 20.Bf4 Nf8 21.Qe3 Qa5 22.Bb1 Ne8
23.Bg3 Ng6 24.Nb2 Rxc1 25.Rxc1 Qb5 26.Nc4 Bc5 27.Qd2 Nf6 28.Re1  1/2-1/2

[Event "Kasparov Cup"]
[Site "Moscow"]
[Date "1997.??.??"]
[Round "?"]
[White "Kunin, Vitaly L"]
[Black "Sedlak, Nicola"]
[Result "1/2-1/2"]
[WhiteElo "2040"]
[BlackElo "2080"]

1.d4 d5 2.c4 c6 3.e3 Nf6 4.Nc3 e6 5.Nf3 Nbd7 6.Qc2 Bd6 7.b3 O-O 8.Be2 Qe7
9.O-O b6 10.e4 dxe4 11.Nxe4 Nxe4 12.Qxe4 Bb7 13.Bg5 Nf6 14.Qh4 h6 15.Bxf6 Qxf6
16.Qxf6 gxf6 17.Rfd1 Rfd8 18.Rd3 Rd7 19.Rad1 Rad8 20.Ne1 f5 21.Nc2 Bf8 22.Kf1 Bg7
23.g3 Bf6 24.a4 c5 25.d5 exd5 26.Bf3 d4 27.Bxb7 Rxb7 28.Ne3 dxe3 29.Rxd8+ Bxd8
30.Rxd8+ Kg7 31.fxe3 Re7 32.Ke2 Re6 33.Kf3 a5 34.h3 Kg6 35.Rd5 Kf6 36.g4 fxg4+
37.hxg4 Kg6 38.Kf4 Kf6 39.Rh5 Kg6 40.Rd5 Kf6 41.e4 Kg6 42.Ke3 Kf6 43.Kf3 Kg6
44.Rd7 Rf6+ 45.Kg3 Re6 46.Kf4 Kf6 47.Rd8 Kg6 48.e5 f6 49.exf6 Kxf6 50.Rf8+ Kg6
51.Rg8+ Kf6 52.Rh8 Kg6 53.Rb8 Kf6 54.Rb7 Kg6 55.Rd7 Kf6 56.Rd3 Kg6 57.Kg3 Kg5
58.Rd5+ Kg6 59.Kh4 Rf6 60.Re5 Rd6 61.Rd5 Re6 62.Rd3 Rf6 63.Kg3 Kg5 64.Rd2 Re6
65.Rd5+ Kg6 66.Kf4 Kf6 67.Rf5+ Kg6 68.Rd5  1/2-1/2

[Event "Kasparov Cup"]
[Site "Moscow"]
[Date "1997.??.??"]
[Round "?"]
[White "Miton, Kamil"]
[Black "Grischuk, Alexander"]
[Result "1-0"]
[WhiteElo "2280"]
[BlackElo "2340"]

1.d4 d5 2.c4 e6 3.Nc3 c6 4.e3 Nf6 5.Nf3 Nbd7 6.Qc2 Bd6 7.g4 Nxg4 8.Rg1 f5
9.h3 Ngf6 10.Rxg7 Ne4 11.Bd2 Qf6 12.Rg2 Nf8 13.O-O-O Ng6 14.Bd3 Bd7 15.Rdg1 O-O-O
16.cxd5 Nxc3 17.Bxc3 exd5 18.Rg5 Rde8 19.h4 f4 20.e4 dxe4 21.Bxe4 Qe7 22.Ne5 Bxe5
23.dxe5 Nf8 24.Qa4 a6 25.Rg7 Qxh4 26.Qd4 Kb8 27.Qd6+ Ka8 28.Bd4 Qd8 29.Bc5 Bc8
30.Qxc6 bxc6 31.Bxc6+ Bb7 32.Rxb7 Qc8 33.Rb6+ Qxc6 34.Rxc6 Nd7 35.Bd4 Kb7
36.Rh6 Re7 37.Kb1 Rhe8 38.Re1 Nxe5 39.Bc5 Re6 40.Rxe6 Rxe6 41.Bd4  1-0

[Event "Kasparov Cup"]
[Site "Moscow"]
[Date "1997.??.??"]
[Round "?"]
[White "Miton, Kamil"]
[Black "Sedlak, Nicola"]
[Result "1-0"]
[WhiteElo "2280"]
[BlackElo "2080"]

1.d4 d5 2.c4 c6 3.e3 Nf6 4.Nc3 e6 5.Nf3 Nbd7 6.Qc2 Bd6 7.g4 h6 8.Bd2 a6 9.h3 dxc4
10.e4 e5 11.Bxc4 b5 12.Be2 O-O 13.O-O-O exd4 14.Nxd4 Qc7 15.h4 b4 16.Na4 Ne5
17.f4 Nexg4 18.e5 Bxe5 19.fxe5 Qxe5 20.Qc5 Qxc5+ 21.Nxc5 Nf2 22.Rhg1 Nxd1
23.Bxh6 Kh7 24.Bxg7 Re8 25.Bd3+ Ne4 26.Bxe4+ f5 27.Nxf5 Rxe4 28.Nxe4  1-0

[Event "Moscow-ch"]
[Site "Moscow"]
[Date "1997.??.??"]
[Round "8"]
[White "Ivanov, Victor L"]
[Black "Mitenkov, Alexey"]
[Result "1/2-1/2"]
[WhiteElo "2390"]
[BlackElo "2450"]

1.Nf3 Nf6 2.c4 e6 3.Nc3 d5 4.d4 c6 5.e3 Nbd7 6.Bd3 dxc4 7.Bxc4 b5 8.Bd3 a6
9.e4 c5 10.d5 Qc7 11.O-O c4 12.dxe6 fxe6 13.Bc2 Bc5 14.e5 Nxe5 15.Bf4 Bd6
16.Nxe5 Bxe5 17.Bxe5 Qxe5 18.Re1 Qc5 19.Ne4 Nxe4 20.Bxe4 Ra7 21.b4 Qc7 22.Qh5+ Qf7
23.Bc6+ Kf8 24.Qh3 Rc7 25.Rad1 Ke7 26.Qe3 Rxc6 27.Qa7+ Kf6 28.Qd4+ Ke7 29.Qa7+ Kf6
30.Qd4+ Ke7  1/2-1/2

[Event "NRW-Cup Masters op"]
[Site "Muenster"]
[Date "1997.??.??"]
[Round "3"]
[White "Kistella, Roman"]
[Black "Lehmann, Holger"]
[Result "0-1"]
[WhiteElo "2280"]
[BlackElo "2160"]

1.d4 d5 2.c4 e6 3.Nf3 c6 4.e3 Nf6 5.Nc3 Nbd7 6.Bd3 a6 7.b3 Bd6 8.O-O dxc4
9.bxc4 e5 10.c5 Bc7 11.e4 exd4 12.Na4 O-O 13.h3 h6 14.Rb1 Re8 15.Re1 b5 16.cxb6 Nxb6
17.Nc5 Nh5 18.Rb4 Qe7 19.Qc2 Nd7 20.Nxd7 Qxb4 21.Qxc6 Bxd7 22.Qxd7 Bf4 23.e5 Rad8
24.Qg4 Bxc1 25.Qxh5 Ba3 26.e6 Qf8 27.exf7+ Qxf7 28.Rxe8+ Qxe8 29.Qxe8+ Rxe8
30.Nxd4 a5 31.Nf3 Kf8 32.g3 Rb8 33.Bc4 Rb2 34.Ne5 Bd6 35.Ng6+ Ke8 36.Nh4 Bc5
37.Nf5 Bxf2+ 38.Kg2 g6 39.Nh4 Bd4+ 40.Kf3 Rc2 41.Bb3 Rc3+ 42.Ke4 Bg7 43.Nxg6 Rxg3
44.Nf4 Bc3 45.Be6 Bd2 46.Nd5 Kf8 47.Kd4 Kg7 48.Nb6 Bc3+ 49.Ke4 Kf6 50.Bd7 Kg5
51.Be6 Be1 52.Nc4 Bb4 53.Ne3 Rg1 54.Kf3 Rc1 55.Bd7 Bd2 56.Nd5 Ra1 57.a4 Ra3+
58.Ke4 Kh4 59.Nb6 Re3+ 60.Kd5 Rd3+ 61.Kc4 Rd6 62.Kc5 Bb4+ 63.Kb5 h5 64.Bc8 Kg3
65.Nc4 Rd5+ 66.Kb6 Rc5 67.Be6 Rxc4 68.Bxc4 Kxh3 69.Bd5 h4 70.Kb5 Kh2 71.Kc4 h3  0-1

[Event "NRW-Cup Masters op"]
[Site "Muenster"]
[Date "1997.??.??"]
[Round "6"]
[White "Bagirov, Vladimir"]
[Black "Schlecht, Daniel"]
[Result "1/2-1/2"]
[WhiteElo "2495"]
[BlackElo "2270"]

1.Nf3 d5 2.d4 Nf6 3.c4 c6 4.Nc3 e6 5.e3 Nbd7 6.Qc2 Bd6 7.Bd3 O-O 8.Bd2 Qe7
9.O-O dxc4 10.Bxc4 a6 11.a4 c5 12.dxc5 Bxc5 13.e4 Bd6 14.Bg5 h6 15.Bh4 Ne5
16.Nxe5 Bxe5 17.Ne2 Qc5 18.Kh1 Ng4 19.h3 Bf6 20.Bxf6 Nxf6 21.Ra3 Bd7 22.Rc3 Qa5
23.Bb3 Rac8 24.f3 Qe5  1/2-1/2

[Event "NRW-Cup Masters op"]
[Site "Muenster"]
[Date "1997.??.??"]
[Round "6"]
[White "Lingnau, Carsten"]
[Black "Lehmann, Holger"]
[Result "1-0"]
[WhiteElo "2425"]
[BlackElo "2160"]

1.d4 d5 2.c4 e6 3.Nf3 c6 4.e3 Nf6 5.Nc3 Nbd7 6.Qc2 Bd6 7.Bd3 O-O 8.O-O e5
9.cxd5 cxd5 10.e4 exd4 11.Nxd5 Nxd5 12.exd5 h6 13.Nxd4 Qh4 14.Nf3 Qh5 15.Bh7+ Kh8
16.Qf5 g5 17.b3 Kg7 18.Bb2+ f6 19.g4 Qh3 20.Qe4 h5 21.Rfc1 Qxg4+ 22.Kh1 Qxe4
23.Bxe4 Nc5 24.Bc2 Kf7 25.b4 Nd7 26.a3 Re8 27.Re1 Rxe1+ 28.Rxe1 Nf8 29.Nd2 Bh3
30.Ne4 Be7 31.Bb3 Kg6 32.f3 Rd8 33.Nf2 g4 34.Rxe7 Nh7  1-0

[Event "NRW-Cup Masters op"]
[Site "Muenster"]
[Date "1997.??.??"]
[Round "8"]
[White "Schlecht, Daniel"]
[Black "Khenkin, Igor"]
[Result "0-1"]
[WhiteElo "2270"]
[BlackElo "2550"]

1.d4 d5 2.c4 c6 3.Nf3 Nf6 4.Nc3 e6 5.e3 Nbd7 6.Bd3 Bd6 7.O-O O-O 8.e4 dxc4
9.Bxc4 e5 10.Bg5 Qe7 11.Re1 Rd8 12.d5 h6 13.Bh4 Nf8 14.dxc6 bxc6 15.Qc2 Ng6
16.Bg3 Nh5 17.Nd1 Bg4 18.Be2 Bb4 19.Nc3 Ngf4 20.Rad1 Qc5 21.Kh1 Bxc3 22.bxc3 Nxe2
23.Qxe2 Rxd1 24.Qxd1 Nxg3+ 25.fxg3 Qxc3 26.Qc1 Qa5 27.Qxc6 Rd8 28.Ra1 Bxf3
29.gxf3 Qa3  0-1

[Event "FIN-ch op"]
[Site "Naan"]
[Date "1997.??.??"]
[Round "?"]
[White "Kanko, Ilkka"]
[Black "Simola, Tuomas"]
[Result "1-0"]
[WhiteElo "2270"]
[BlackElo "2085"]

1.d4 d5 2.c4 e6 3.Nc3 c6 4.e3 Nf6 5.Nf3 Nbd7 6.Qb3 Bd6 7.Be2 O-O 8.O-O Qe7
9.Bd2 Ne4 10.Nxe4 dxe4 11.Ne1 Qh4 12.f4 c5 13.Rd1 f5 14.g3 Qe7 15.Qc3 b6
16.Nc2 Bb7 17.b4 Rac8 18.bxc5 bxc5 19.Qa5 Bb8 20.Rb1 Ba8 21.Rb3 Rfd8 22.Rfb1 Nb6
23.dxc5 Rxc5 24.Bb4 Rxa5 25.Bxe7 Re8 26.Ba3 Bc6 27.Nd4 Ba4 28.R3b2 e5 29.fxe5 Bxe5
30.Bb4 Bxd4 31.exd4  1-0

[Event "New York op"]
[Site "New York"]
[Date "1997.??.??"]
[Round "?"]
[White "Alterman, Boris"]
[Black "Vera, Reynaldo"]
[Result "1-0"]
[WhiteElo "2595"]
[BlackElo "2510"]

1.c4 e6 2.Nc3 d5 3.d4 c6 4.e3 Nf6 5.Nf3 Nbd7 6.Bd3 dxc4 7.Bxc4 b5 8.Bd3 b4
9.Ne4 Bb7 10.b3 Be7 11.Bb2 Nxe4 12.Bxe4 Nf6 13.Bd3 O-O 14.O-O c5 15.dxc5 Bxc5
16.Qc2 Rc8 17.Rad1 Qe7 18.Bxf6 Qxf6 19.Bxh7+ Kh8 20.Be4 Bxe3 21.Qb1 Bxe4
22.Qxe4 Bc5 23.Ne5 Qf5 24.Qxf5 exf5 25.Rd5 Rc7 26.Rfd1 g6 27.Kf1 Rfc8 28.Rd7 Kg8
29.h3 Be7 30.Nc4 Kf8 31.Ke2 Ke8 32.R7d5 Rc5 33.f3 R8c6 34.Rxc5 Rxc5 35.Ke3 Rc6
36.Rd5 Bc5+ 37.Kd3 Ke7 38.g4 fxg4 39.fxg4 f6 40.h4 Ke6 41.Ke4 Be7 42.h5 Kf7
43.Rd7 gxh5 44.gxh5 Ra6 45.Rd2 Re6+ 46.Kf3 f5 47.Rd5 Kf6 48.Ne3 Ra6 49.Rxf5+ Ke6
50.h6 Rxa2 51.Rh5 Bf6 52.Nd5 Ba1 53.Nf4+ Kf7 54.Rb5 a5 55.Rb7+ Ke8 56.h7 Rh2
57.Kg4 Rh1 58.Rb5  1-0

[Event "New York op"]
[Site "New York"]
[Date "1997.??.??"]
[Round "?"]
[White "Milov, Vadim"]
[Black "Bisguier, Arthur Bernard"]
[Result "1-0"]
[WhiteElo "2610"]
[BlackElo "2395"]

1.d4 d5 2.c4 e6 3.Nc3 c6 4.e3 Nf6 5.Nf3 Nbd7 6.Bd3 Bd6 7.e4 dxe4 8.Nxe4 Nxe4
9.Bxe4 e5 10.O-O exd4 11.Bg5 Qc7 12.Qxd4 O-O 13.Rad1 Bc5 14.Qd2 a5 15.a3 a4
16.Rfe1 f5 17.Bc2 Qa5 18.Be7 Qxd2 19.Rxd2 Bxe7 20.Rxe7 Nc5 21.Re5 b6 22.Nd4 Rd8
23.Ree2 Ba6 24.Nxc6 Bxc4 25.Nxd8 Bxe2 26.Bxf5 Bc4 27.Nc6 Re8 28.f3 g6 29.Bc2 Kg7
30.Kf2 Re6 31.Nd4 Re7 32.Ne2 b5 33.Nc3 Rb7 34.Rd4 Ne6 35.Rd6 Nc5 36.Ke3 Re7+
37.Be4 Nxe4 38.fxe4 Rb7 39.g3 Rf7 40.Rd2 g5 41.Kd4 Rd7+ 42.Nd5 h5 43.Ke5 Rf7
44.Kd6 h4 45.gxh4 gxh4 46.e5 Bxd5 47.Rxd5 Rf2 48.e6 Rxh2 49.e7 Re2 50.Kd7 Kf7
51.Rf5+ Kg6 52.Rf8  1-0

[Event "JUG-ch52"]
[Site "Niksic"]
[Date "1997.??.??"]
[Round "5"]
[White "Drasko, Milan"]
[Black "Pavlovic, Milos"]
[Result "1/2-1/2"]
[WhiteElo "2555"]
[BlackElo "2505"]

1.d4 d5 2.c4 e6 3.Nc3 c6 4.e3 Nf6 5.Nf3 Nbd7 6.Qc2 Bd6 7.b3 O-O 8.Be2 a6
9.O-O e5 10.cxd5 cxd5 11.dxe5 Nxe5 12.Bb2 Be6 13.Rac1 Rc8 14.Qb1 Bb8 15.Nxe5 Bxe5
16.Na4 Qd6 17.Bxe5 Qxe5 18.Rxc8 Rxc8 19.Rc1 b5 20.Rxc8+ Bxc8 21.Qc1 Bf5 22.Nc3 d4
23.exd4 Qxd4 24.Qd1  1/2-1/2

[Event "JUG-ch52"]
[Site "Niksic"]
[Date "1997.??.??"]
[Round "6"]
[White "Ilincic, Zlatko"]
[Black "Ivanisevic, Ivan"]
[Result "0-1"]
[WhiteElo "2565"]
[BlackElo "2450"]

1.d4 d5 2.c4 c6 3.Nf3 Nf6 4.Nc3 e6 5.e3 Nbd7 6.Qc2 Bd6 7.Bd3 O-O 8.O-O dxc4
9.Bxc4 Qe7 10.a3 e5 11.h3 Bb8 12.Ba2 h6 13.Nh4 Rd8 14.Ng6 Qe8 15.Bd2 exd4
16.exd4 Nf8 17.Rfe1 Ne6 18.Nf4 Bxf4 19.Bxf4 Qf8 20.Be5 Nxd4 21.Qd1 Be6 22.Bxf6 gxf6
23.Qh5 f5 24.Re3 Rd6 25.Rae1 Bxa2 26.Nxa2 Rg6 27.Rd3 Re8 28.Ree3 Rxe3 29.fxe3 Qg7
30.Rd2 Qe5 31.Rf2 Qxe3 32.Nc3 f4 33.Qd1 f3 34.g4 h5 35.Qd2 Qe5 36.Kh1 hxg4
37.hxg4 Qg3 38.Rh2 Qxg4 39.Qf2 Nf5  0-1

[Event "JUG-chT"]
[Site "Niksic"]
[Date "1997.??.??"]
[Round "9"]
[White "Ostojic, Nikola"]
[Black "Ivanisevic, Ivan"]
[Result "0-1"]
[WhiteElo "2435"]
[BlackElo "2540"]

1.d4 d5 2.c4 c6 3.Nc3 Nf6 4.e3 e6 5.Nf3 Nbd7 6.Qc2 Bd6 7.Bd3 O-O 8.O-O h6
9.b3 Qe7 10.Bb2 e5 11.cxd5 cxd5 12.e4 exd4 13.Nxd5 Nxd5 14.exd5 Ne5 15.Bh7+ Kh8
16.Nxd4 Qh4 17.Bf5 Qh5 18.Bxc8 Raxc8 19.Qd1 Qg6 20.Nb5 Bb8 21.Bd4 Rc2 22.d6 Nc6
23.Bc3 a6 24.Na3 Rxc3 25.Nc4 b5 26.Nb6 Bxd6 27.Rc1 Rd3 28.Qe2 Ne5 29.Nc8 Bb8
30.h3 Qe6 31.Rfe1 Re8 32.Qh5 Qd5 33.Nb6 Qd8 34.Qf5 Kg8 35.Rc8 Qe7 36.Rxe8+ Qxe8  0-1

[Event "JUG-ch52"]
[Site "Niksic"]
[Date "1997.??.??"]
[Round "11"]
[White "Stamenkovic, Zoran"]
[Black "Blagojevic, Dragisa"]
[Result "1/2-1/2"]
[WhiteElo "2415"]
[BlackElo "2485"]

1.d4 d5 2.c4 c6 3.Nf3 Nf6 4.Nc3 e6 5.e3 Nbd7 6.Bd3 dxc4 7.Bxc4 b5 8.Bd3 a6
9.e4 c5 10.d5 c4 11.dxe6 fxe6 12.Bc2 Qc7 13.O-O Bc5 14.Qe2 Ne5 15.Bf4 Nxf3+
16.Qxf3 e5 17.Bg5 O-O 18.Bxf6 gxf6 19.a4 Rb8 20.axb5 axb5 21.Nd5 Qg7 22.b3  1/2-1/2

[Event "JUG-ch52"]
[Site "Niksic"]
[Date "1997.??.??"]
[Round "13"]
[White "Stamenkovic, Zoran"]
[Black "Kosic, Dragan"]
[Result "0-1"]
[WhiteElo "2415"]
[BlackElo "2515"]

1.d4 d5 2.c4 c6 3.Nf3 Nf6 4.Nc3 e6 5.e3 Nbd7 6.Bd3 dxc4 7.Bxc4 b5 8.Bd3 a6
9.e4 c5 10.d5 c4 11.Bc2 Qc7 12.O-O Bb7 13.Nd4 Nc5 14.b4 cxb3 15.axb3 b4 16.Na4 Ncxe4
17.Bxe4 Nxe4 18.dxe6 Bd6 19.exf7+ Qxf7 20.f3 Qh5 21.g3 O-O 22.fxe4 Qh3 23.Ra2 Bxe4
24.Re1 Bb7 25.Qd3 Rac8 26.Bg5 Rf7 27.Ne6 Bb8 28.Nac5 Ba7 29.Be3 Rf3 30.Rd1 Qxe6
31.Nxe6 Bxe3+ 32.Kg2 Rf6+ 33.Kh3 Rxe6 34.Re1 Rce8 35.Qc4 Kh8 36.g4 g5 37.Ree2 Rf8
38.Qxe6 Rf3+ 39.Kg2 Rf6+ 40.Kg3 Rxe6  0-1